| 000 | 00859nam a22002177a 4500 | ||
|---|---|---|---|
| 003 | BUBTL | ||
| 008 | 230721b ||||| |||| 00| 0 eng d | ||
| 041 | _aবাংলা | ||
| 082 | _a343.057/ M2966s/ 2013 | ||
| 100 |
_95381 _aমল্লিক, মোঃ শাহজাহান আলী |
||
| 245 |
_aস্ট্যাম্প আইন ম্যানুয়েল/ _bমোঃ শাহজাহান আলী মল্লিক |
||
| 250 | _a১ম সং | ||
| 260 |
_aঢাকা: _bমুহিত পাবলিকেশন্স _cc২০১৩ |
||
| 300 |
_a[১৪], ২১৮p. : _bill. ; 20 cm |
||
| 526 | _a Law | ||
| 650 | 0 |
_926 _aLaw |
|
| 700 |
_95382 _aমোঃ শাহজাহান আলী মল্লিক |
||
| 856 |
_k0 _l0 _yDownload |
||
| 942 |
_2ddc _cBK |
||
| 999 |
_c7065 _d7065 |
||